| 000 | 00701nam a2200229 a 4500 | ||
|---|---|---|---|
| 999 |
_c504 _d504 |
||
| 001 | 504 | ||
| 003 | BD-JhCC | ||
| 005 | 20211007134021.0 | ||
| 008 | 171005s2014 bg |||| |||| 000 0 ben d | ||
| 020 | _a9789844540163 | ||
| 035 | _a(BD-JhCC) 504 | ||
| 040 |
_aBD-JhCC _dBD-JhCC |
||
| 041 | _abeg | ||
| 082 |
_a891.4 _bMUH 2014 |
||
| 100 | _aইকবাল, মুহম্মদ জাফর | ||
| 245 |
_aরবো নিশি / _cমুহম্মদ জাফর ইকবাল |
||
| 260 |
_aঢাকা : _bশিখা প্রকাশনী, _c২০১৪. |
||
| 300 |
_a১৪৩ পৃ. : _c২২ সেমি. |
||
| 650 | _aBengali Fiction | ||
| 942 |
_2ddc _cBK _02 |
||